000 01386nam0a2200301 4500
001 RU\NLR\bibl\323847
005 20260406130044.0
020 _aRU
_b00-11334
_9Летопись авторефератов диссертаций
021 _aRU
_b99-9669a
_999-387А
035 _a(NLR Aleph) 000318866
090 _a84390
_c84390
100 _a20020305d1999 u u0rusy50 ca
101 0 _arus
102 _aRU
105 _ay dm |||||
200 1 _aПроблема взаимосвязи мировоззрения и образования в трудах Л. Н. Толстого
_eФилософско-методологический анализ
_eАвтореф. дис. на соиск. учен. степ. д.филос.н.
_eСпец. 09.00.01
_fЛукацкий Михаил Абрамович
_g[Твер. ин-т экологии и права]
210 _aТверь
_d1999
215 _a37 с.
_d21
320 _aБиблиогр.: с. 35 - 37
610 0 _aФилософские науки
686 _a09.00.01
_2oksvnk
700 1 _aЛукацкий
_bМ. А.
_gМихаил Абрамович
702 1 _4570
_7ca
_8rus
_aТолстой
_bЛ. Н.
_f1828-1910
_gЛев Николаевич
_9111537
_3RU\NLR\auth\771515
801 0 _aRU
_bRKP
_c20020305
_gPSBO
801 1 _aRU
_bRKP
_c20020305
801 2 _aRU
_bNLR
_c20030415
_grcr
852 _aNLR
_jА99/9669
942 _cBOOK